What's It Stand For? 15 Categories Quiz Stats

 Plays Quiz Updated Oct 26, 2018

Score 0/45 Timer 07:00
1 Play Today
Hint Answer % Correct
SPORTS
WWE
World
97.8%
GEOGRAPHY
UAE (country)
United
97.3%
JUST FOR FUN
BFF
Best
96.6%
JUST FOR FUN
BFF
Friend
96.5%
HOLIDAY
NYE
New
96.2%
JUST FOR FUN
BFF
Forever
96.1%
HOLIDAY
NYE
Eve
95.7%
SPORTS
WWE
Wrestling
95.6%
HOLIDAY
NYE
Year's
95.6%
GEOGRAPHY
UAE (country)
Arab
95.5%
GEOGRAPHY
UAE (country)
Emirates
90.8%
ENTERTAINMENT
SNL
Live
90.8%
ENTERTAINMENT
SNL
Night
90.8%
ENTERTAINMENT
SNL
Saturday
90.8%
GAMING
RPG
Game
79.4%
SPORTS
WWE
Entertainment
79.1%
SCIENCE
ACL (knee)
Ligament
77.4%
HISTORY
DMZ
De-
71.8%
MUSIC
CCR (band)
Revival
71.5%
MUSIC
CCR (band)
Clearwater
71.1%
TELEVISION
ALF
Alien
71.1%
HISTORY
DMZ
Zone
70.5%
TELEVISION
ALF
Life
69.3%
Hint Answer % Correct
HISTORY
DMZ
militarized
66.8%
TELEVISION
ALF
Form
66%
MUSIC
CCR (band)
Creedence
66%
LITERATURE
J.R.R. Tolkien
John
65.8%
MOVIES
MGM Studios
Metro
65.4%
GAMING
RPG
Playing
65.4%
RELIGION
LDS
Day
65.1%
GAMING
RPG
Role
65%
RELIGION
LDS
Saints
63.9%
MISCELLANEOUS
BMW
Motoren (Motor)
63.9%
MOVIES
MGM Studios
Mayer
63.7%
RELIGION
LDS
Latter-
63.3%
MOVIES
MGM Studios
Goldwyn
62.4%
SCIENCE
ACL (knee)
Anterior
57.1%
LANGUAGE
OED
English
50.9%
MISCELLANEOUS
BMW
Werke (Works)
47.1%
SCIENCE
ACL (knee)
Cruciate
45%
LANGUAGE
OED
Dictionary
44%
LANGUAGE
OED
Oxford
41.5%
MISCELLANEOUS
BMW
Bayerische (Bavarian)
40.4%
LITERATURE
J.R.R. Tolkien
Ronald
22.2%
LITERATURE
J.R.R. Tolkien
Reuel
11.3%

You're not logged in!

Compare scores with friends on all Sporcle quizzes.
OR
Log In

Sporcle TV

Today on Sporcle TV


Watch our educational content, quiz creation guides, and fun videos on Sporcle TV.

Show Comments

Extras

Top Quizzes Today


Score Distribution

Your Account Isn't Verified!

In order to create a playlist on Sporcle, you need to verify the email address you used during registration. Go to your Sporcle Settings to finish the process.

Report this User

Report this user for behavior that violates our Community Guidelines.

Details: